Connections : an introduction to the Economics of Networks

Αποθηκεύτηκε σε:
Λεπτομέρειες βιβλιογραφικής εγγραφής
Κύριος συγγραφέας: Goyal, Sanjeev
Μορφή: Βιβλίο
Γλώσσα:English
Δημοσίευση: New Jersey : Princeton University Press, c2007
Θέματα:
Ετικέτες: Προσθήκη ετικέτας
Δεν υπάρχουν, Καταχωρήστε ετικέτα πρώτοι!

MARC

LEADER 00000cam a2200000 i 4500
001 1/17289
008 120112s2007 eng d
035 |l 10111656 
040 |a GR-MY-UA  |b gre  |e aacr 
041 0 |a eng 
082 0 |a 330.0151  |2 (22) 
100 1 |a Goyal, Sanjeev. 
245 1 0 |a Connections :   |b an introduction to the Economics of Networks /  |c Sanjeev Goyal 
260 |a New Jersey :   |b Princeton University Press,   |c c2007 
300 |a 290 p.;  |c 24 cm. 
504 |a Περιλαμβάνει βιβλιογραφικές αναφορές και ευρετήριο. 
650 0 0 |a Social networks. 
650 0 0 |a Economics, Mathematical. 
650 0 0 |a Social networks  |x Mathematical models. 
852 |a INST  |b CHIOS  |e 20120112  |h 330.0151 GOY  |p 005200033170  |q 005200033170  |t BK  |y 0 
901 |a BIBL2-2012-1 
909 |a Χ  |b 168871 
970 |a ΠΟΥΛΑΚΗ  |b ΣΤΕΛΛΑ  |z 2012/01/12